[Event "4NCL Division 1d"]
[Site "Telford, ENG"]
[Date "2019.05.05"]
[Round "10.68"]
[White "Smith, Lynda"]
[Black "Walton, Alan J"]
[Result "0-1"]
[WhiteElo "1960"]
[BlackElo "2132"]
[PlyCount "120"]
[EventDate "2019.05.05"]
[WhiteTeam "North East England"]
[BlackTeam "3Cs 1"]

1. e4 e6 2. d4 d5 3. Nc3 Nf6 4. Bg5 Bb4 5. e5 h6 6. Bd2 Bxc3 7. bxc3 Ne4 8. Bd3
Nxd2 9. Qxd2 c5 10. Nf3 c4 11. Be2 Qa5 12. O-O Nd7 13. Nh4 g5 14. Nf3 Nb6 15.
h4 gxh4 16. Nxh4 Na4 17. Bh5 Qd8 18. Qf4 Qe7 19. Qg3 Qg5 20. Qf3 O-O 21. g3 Bd7
22. Rfe1 f6 23. Ng6 Be8 24. Nf4 Bxh5 25. Qxh5 Rae8 26. exf6 Qxh5 27. Nxh5 Nxc3
28. f3 Nb5 29. Rad1 Nc7 30. Ng7 Rc8 31. Nxe6 Rxf6 32. Nxc7 Rxc7 33. Kg2 Ra6 34.
Ra1 Kf7 35. Re5 Rd7 36. f4 b5 37. g4 b4 38. Re3 Re7 39. Rxe7+ Kxe7 40. Kf2 Kf7
41. Ke2 Re6+ 42. Kf3 Ra6 43. Ke2 Ra3 44. Kd2 Rg3 45. Rh1 Rg2+ 46. Kd1 Rxg4 47.
Rxh6 Rxf4 48. Rh7+ Ke6 49. Rxa7 Rxd4+ 50. Kc1 Rh4 51. Ra4 c3 52. Kd1 Rh1+ 53.
Ke2 Rb1 54. Ra8 Ke5 55. Ra4 Kd6 56. Ra6+ Kc5 57. Ra5+ Kc4 58. Ra4 Rc1 59. a3
Rxc2+ 60. Ke1 Rb2 0-1

[Event "4NCL Division 1d"]
[Site "Telford, ENG"]
[Date "2019.05.05"]
[Round "10.71"]
[White "Czakon, Jakub"]
[Black "Zakarian, David"]
[Result "0-1"]
[WhiteElo "2468"]
[BlackElo "2341"]
[PlyCount "100"]
[EventDate "2019.05.05"]
[WhiteTeam "Grantham Sharks 1"]
[BlackTeam "Oxford 1"]

1. e4 c5 2. Nf3 Nc6 3. Bb5 g6 4. Bxc6 dxc6 5. h3 Bg7 6. d3 e5 7. Be3 b6 8. Nc3
f6 9. Qd2 Be6 10. O-O Ne7 11. Nh2 g5 12. a3 Ng6 13. b4 cxb4 14. axb4 O-O 15.
Ra4 Rf7 16. Rfa1 Bf8 17. Ne2 Nf4 18. Ng3 Qc8 19. Qd1 c5 20. bxc5 Bxc5 21. Ng4
Kh8 22. Bxc5 Qxc5 23. Ne3 a5 24. Ngf5 Rfa7 25. d4 Qf8 26. d5 Bd7 27. R4a3 b5
28. g3 b4 29. Rb3 a4 30. Rbb1 Nxh3+ 31. Kg2 Nf4+ 32. gxf4 gxf4 33. Nc4 Bxf5 34.
exf5 Qc5 35. Qd3 Rd7 36. Nd2 Rxd5 37. Qc4 Qd4 38. Qxd4 Rxd4 39. Nf3 Rc4 40. Ne1
e4 41. Kh3 f3 42. Rd1 a3 43. Rd7 Rg8 44. Re7 h5 45. Rd1 Rg7 46. Rdd7 Rxe7 47.
Rxe7 Rd4 48. c3 a2 49. Ra7 b3 50. Kh4 Rd1 0-1

[Event "4NCL Division 1d"]
[Site "Telford, ENG"]
[Date "2019.05.05"]
[Round "10.72"]
[White "Tyomkyn, Mikhail"]
[Black "Ghasi, Ameet K"]
[Result "0-1"]
[WhiteElo "2138"]
[BlackElo "2499"]
[PlyCount "192"]
[EventDate "2019.05.05"]
[WhiteTeam "Oxford 1"]
[BlackTeam "Grantham Sharks 1"]

1. d4 Nf6 2. Nf3 g6 3. g3 Bg7 4. Bg2 O-O 5. O-O d6 6. b3 c6 7. Bb2 Qa5 8. c4
Qh5 9. h4 h6 10. Nbd2 Ng4 11. Re1 f5 12. e3 g5 13. Nf1 Nd7 14. hxg5 hxg5 15.
N3h2 Ndf6 16. d5 c5 17. f3 Nxh2 18. Nxh2 Rf7 19. f4 Qg6 20. Nf3 Ne4 21. Bxg7
Rxg7 22. Nxg5 Nxg5 23. fxg5 Qxg5 24. Qf3 Qxg3 25. Qxg3 Rxg3 26. Kf2 Rg7 27. Bf3
Bd7 28. Rh1 b5 29. cxb5 Bxb5 30. Rh6 Rh7 31. Rg1+ Kh8 32. Rhg6 Rf8 33. Kg3 Be8
34. Rg5 a5 35. Kf4 Rh4+ 36. Kg3 Rh6 37. Kf4 Bb5 38. Bh5 Bd3 39. Bg6 Be4 40.
Bxf5 Bxd5 41. e4 Bf7 42. Ke3 Rg8 43. e5 dxe5 44. Rxg8+ Bxg8 45. Rc1 Rh5 46. Bd7
e4 47. Kxe4 Bf7 48. Bf5 Kg7 49. Bg4 Rd5 50. Be2 Rd2 51. Bc4 e6 52. a4 Kf6 53.
Ke3 Rd4 54. Bxe6 Bxe6 55. Rxc5 Rh4 56. Rxa5 Bxb3 57. Ra6+ Ke5 58. Ra5+ Bd5 59.
Ra7 Rh3+ 60. Ke2 Kd4 61. Rd7 Rh2+ 62. Kd1 Kc4 63. Ke1 Ra2 64. a5 Be4 65. a6
Rxa6 66. Ke2 Re6 67. Kd2 Bd5 68. Rd8 Kd4 69. Kd1 Ra6 70. Rd7 Ra2 71. Rd8 Kc4
72. Ke1 Be4 73. Rd2 Ra8 74. Kf2 Bd3 75. Kg3 Kd4 76. Kf4 Rf8+ 77. Kg5 Ke4 78.
Ra2 Bb5 79. Rb2 Bc6 80. Re2+ Kd4 81. Rd2+ Ke5 82. Ra2 Rg8+ 83. Kh5 Bd7 84. Ra5+
Kf6 85. Kh4 Rg4+ 86. Kh5 Re4 87. Kh6 Re8 88. Ra6+ Be6 89. Ra7 Rd8 90. Rb7 Rd4
91. Rb5 Rd8 92. Rb7 Rd5 93. Rb6 Ra5 94. Rb7 Bf7 95. Rb6+ Ke7 96. Rb7+ Kf8 0-1

[Event "4NCL Division 1d"]
[Site "Telford, ENG"]
[Date "2019.05.05"]
[Round "10.73"]
[White "Rendle, Thomas E"]
[Black "Mihov, Filip"]
[Result "1-0"]
[WhiteElo "2376"]
[BlackElo "2180"]
[PlyCount "71"]
[EventDate "2019.05.05"]
[WhiteTeam "Grantham Sharks 1"]
[BlackTeam "Oxford 1"]

1. e4 e6 2. d4 d5 3. Nd2 Nc6 4. Ngf3 Nf6 5. e5 Nd7 6. Bd3 Nb4 7. Be2 c5 8. c3
Nc6 9. O-O Be7 10. Re1 a5 11. Bd3 cxd4 12. cxd4 g5 13. h3 h5 14. Nf1 g4 15.
hxg4 hxg4 16. N3h2 Bb4 17. Re3 Qh4 18. Rg3 f5 19. exf6 Nxf6 20. Bf4 Bd7 21. a3
Be7 22. Bg6+ Kf8 23. Qd3 Na7 24. Qe3 Rh5 25. Bxh5 Qxh5 26. Qe5 Qg6 27. Qg5 Qh7
28. Nxg4 Ng8 29. Qe5 Nc6 30. Qe3 Bh4 31. Rf3 Ke8 32. Re1 Nce7 33. Ng3 Rc8 34.
Ne5 Bb5 35. Qb3 Bxg3 36. Qxb5+ 1-0

[Event "4NCL Division 1d"]
[Site "Telford, ENG"]
[Date "2019.05.05"]
[Round "10.74"]
[White "Manley, Jon P"]
[Black "Roberson, Peter T"]
[Result "0-1"]
[WhiteElo "2178"]
[BlackElo "2433"]
[PlyCount "86"]
[EventDate "2019.05.05"]
[WhiteTeam "Oxford 1"]
[BlackTeam "Grantham Sharks 1"]

1. e4 c5 2. Nc3 Nc6 3. Bb5 Nd4 4. Bc4 Nf6 5. Nge2 e6 6. O-O a6 7. d3 b5 8. Bb3
Nc6 9. Bg5 Be7 10. f4 Bb7 11. Ng3 h6 12. Bxf6 Bxf6 13. Nh5 Bd4+ 14. Kh1 g6 15.
Ng3 Qc7 16. e5 Bxc3 17. bxc3 Ne7 18. Qe2 h5 19. Ne4 Nf5 20. c4 h4 21. Kg1 h3
22. g3 Qc6 23. Rae1 Ke7 24. c3 bxc4 25. Bxc4 d5 26. exd6+ Nxd6 27. Rf3 Nxc4 28.
dxc4 Rad8 29. f5 gxf5 30. Rxf5 Qxe4 31. Qxe4 Bxe4 32. Rxe4 Rd1+ 33. Rf1 Rd2 34.
Rf2 Rd1+ 35. Rf1 Rd2 36. Rf2 Rhd8 37. g4 Rxf2 38. Kxf2 Rd2+ 39. Re2 Rxe2+ 40.
Kxe2 Kf6 41. Kf3 Kg5 42. Kg3 e5 43. Kxh3 Kf4 0-1

[Event "4NCL Division 1d"]
[Site "Telford, ENG"]
[Date "2019.05.05"]
[Round "10.75"]
[White "Batchelor, Peter J"]
[Black "Stork, Oliver"]
[Result "1/2-1/2"]
[WhiteElo "2309"]
[BlackElo "2197"]
[PlyCount "82"]
[EventDate "2019.05.05"]
[WhiteTeam "Grantham Sharks 1"]
[BlackTeam "Oxford 1"]

1. d4 d5 2. c4 e6 3. Nf3 Nf6 4. g3 Be7 5. Bg2 O-O 6. O-O c6 7. Qc2 b6 8. Nbd2
Bb7 9. e4 Na6 10. a3 c5 11. cxd5 exd5 12. e5 Ne4 13. dxc5 Naxc5 14. b4 Ne6 15.
Bb2 a5 16. Rfd1 Qe8 17. bxa5 Rxa5 18. Nxe4 dxe4 19. Nd2 Qa8 20. Nxe4 Nc5 21.
Re1 Rc8 22. Qe2 Nxe4 23. Bxe4 Bxe4 24. Qxe4 Qxe4 25. Rxe4 Rc2 26. Bd4 Ra4 27.
Rd1 Rcc4 28. Kg2 f5 29. exf6 Bxf6 30. Re8+ Kf7 31. Bxf6 Kxe8 32. Bxg7 Rxa3 33.
Rb1 Kf7 34. Bh6 Rc6 35. Be3 Ra6 36. g4 Re6 37. h4 Ra4 38. Kf3 h5 39. gxh5 Rxh4
40. h6 Rh5 41. Kg4 Rhxh6 1/2-1/2

[Event "4NCL Division 1d"]
[Site "Telford, ENG"]
[Date "2019.05.05"]
[Round "10.76"]
[White "McKenna, Jason P"]
[Black "Daskalov, Dimitar"]
[Result "1/2-1/2"]
[WhiteElo "2125"]
[BlackElo "2318"]
[PlyCount "72"]
[EventDate "2019.05.05"]
[WhiteTeam "Oxford 1"]
[BlackTeam "Grantham Sharks 1"]

1. e4 e5 2. Nf3 Nf6 3. Nxe5 d6 4. Nf3 Nxe4 5. Qe2 Qe7 6. d3 Nf6 7. Bg5 Be6 8.
Nc3 h6 9. Bxf6 Qxf6 10. d4 Qe7 11. O-O-O d5 12. Ne5 Nd7 13. Qb5 O-O-O 14. Nxd5
Bxd5 15. Qxd5 Qg5+ 16. Rd2 Bb4 17. c3 Rhe8 18. h4 Qf6 19. cxb4 Nxe5 20. dxe5
Qg6 21. Qc5 Rxd2 22. Kxd2 Qb1 23. Qc2 Rd8+ 24. Kc3 Qe1+ 25. Kb3 a5 26. bxa5 Rd2
27. Qf5+ Kb8 28. Qf3 Rxf2 29. Qd3 Rd2 30. Qc3 Qd1+ 31. Ka3 Rf2 32. Qd3 Rd2 33.
Qc3 Rf2 34. Qc4 Qe1 35. Qc3 Qd1 36. Qd3 Rd2 1/2-1/2

[Event "4NCL Division 1d"]
[Site "Telford, ENG"]
[Date "2019.05.05"]
[Round "10.77"]
[White "Dong, Bao Nghia"]
[Black "Dickinson, Tim R"]
[Result "1-0"]
[WhiteElo "2240"]
[BlackElo "2046"]
[PlyCount "41"]
[EventDate "2019.05.05"]
[WhiteTeam "Grantham Sharks 1"]
[BlackTeam "Oxford 1"]

1. d4 Nf6 2. Nf3 e6 3. Bf4 d5 4. Nbd2 c5 5. c3 Nc6 6. e3 cxd4 7. exd4 Bd6 8.
Bxd6 Qxd6 9. Bd3 O-O 10. O-O e5 11. dxe5 Nxe5 12. Nxe5 Qxe5 13. Re1 Qf4 14. Nf1
Be6 15. Ng3 Rac8 16. Ne2 Qh4 17. h3 Nh5 18. Qd2 f5 19. Nd4 Bd7 20. Re5 f4 21.
Nf3 1-0

[Event "4NCL Division 1d"]
[Site "Telford, ENG"]
[Date "2019.05.05"]
[Round "10.78"]
[White "Matta, Francesca"]
[Black "Foisor, Mihaela-Veronica"]
[Result "0-1"]
[WhiteElo "1922"]
[BlackElo "2217"]
[PlyCount "88"]
[EventDate "2019.05.05"]
[WhiteTeam "Oxford 1"]
[BlackTeam "Grantham Sharks 1"]

1. d4 Nf6 2. c4 e6 3. Nf3 d5 4. Nc3 c6 5. Bf4 dxc4 6. e3 b5 7. a4 Bb4 8. axb5
cxb5 9. Bxb8 Rxb8 10. Rxa7 Nd5 11. Qc2 O-O 12. Be2 Ba5 13. O-O Qb6 14. Ng5 f5
15. Nxb5 Qxb5 16. Ra1 Qxb2 17. Qxb2 Rxb2 18. Bxc4 Bb6 19. Ra8 h6 20. Nf3 Bd7
21. Ne5 Be8 22. Rb8 Bxd4 23. Rxe8 Rxe8 24. exd4 Reb8 25. g3 Rb1+ 26. Rxb1 Rxb1+
27. Kg2 Rd1 28. Nc6 Kf7 29. h4 Kf6 30. Kf3 Nb6 31. Be2 Rc1 32. Ne5 Rc3+ 33. Bd3
Nc4 34. Nd7+ Ke7 35. Nc5 e5 36. Ke2 exd4 37. Bxf5 Nd6 38. Ne4 Nxf5 39. Nxc3
dxc3 40. Kd3 Nd6 41. g4 Nb5 42. f4 h5 43. g5 Ke6 44. Ke3 Kf5 0-1

[Event "4NCL Division 1d"]
[Site "Telford, ENG"]
[Date "2019.05.05"]
[Round "10.81"]
[White "Stepanyan, Henrik"]
[Black "Cooper, John G"]
[Result "1-0"]
[WhiteElo "2290"]
[BlackElo "2250"]
[PlyCount "89"]
[EventDate "2019.05.05"]
[WhiteTeam "Wood Green Monarchs"]
[BlackTeam "West is Best 1"]

1. d4 Nf6 2. c4 c5 3. d5 e5 4. Nc3 d6 5. e4 Be7 6. h3 Nbd7 7. Bd3 a6 8. a4 Nf8
9. Be3 Ng6 10. Qd2 Bd7 11. Be2 h5 12. Nf3 h4 13. Nh2 Qc8 14. f4 exf4 15. Bxf4
Nh5 16. Bxh5 Rxh5 17. O-O Qc7 18. Nf3 Nxf4 19. Qxf4 Bf6 20. e5 dxe5 21. Qe3
O-O-O 22. Ne4 Be7 23. b4 f5 24. Nxc5 f4 25. Qe2 Bxc5+ 26. bxc5 Qxc5+ 27. Kh1
Re8 28. Nd2 Rh6 29. Ne4 Qf8 30. c5 Bf5 31. Nd6+ Rxd6 32. cxd6 Qxd6 33. Rxf4 Bd3
34. Qe3 Qxd5 35. Rxh4 Kb8 36. Rd1 e4 37. Rg4 Qb3 38. Re1 Qxa4 39. Rxg7 Qb4 40.
Rc1 Bc4 41. Qg3+ Ka7 42. Qe3+ Ka8 43. Rc7 Be6 44. R1c6 Kb8 45. Rb6 1-0

[Event "4NCL Division 1d"]
[Site "Telford, ENG"]
[Date "2019.05.05"]
[Round "10.82"]
[White "Toma, Katarzyna"]
[Black "Derakhshani, Borna"]
[Result "1-0"]
[WhiteElo "2211"]
[BlackElo "2316"]
[PlyCount "139"]
[EventDate "2019.05.05"]
[WhiteTeam "West is Best 1"]
[BlackTeam "Wood Green Monarchs"]

1. e4 c6 2. d4 d5 3. exd5 cxd5 4. Bd3 Nc6 5. c3 Qc7 6. Ne2 Bg4 7. O-O e6 8. Qe1
Bd6 9. f3 Bh5 10. Qh4 Bg6 11. Bxg6 fxg6 12. Bf4 Nge7 13. Na3 a6 14. Nc2 Nf5 15.
Bxd6 Qxd6 16. Qf4 Qe7 17. Ng3 O-O 18. Nxf5 exf5 19. Rae1 Qf6 20. Re2 g5 21. Qc7
Rf7 22. Qb6 f4 23. Rfe1 h5 24. Nb4 Nxb4 25. Qxb4 g4 26. Re6 Qg5 27. R1e5 Rf5
28. Qe7 Rxe5 29. Rxe5 Qg6 30. Kf2 Kh7 31. Qg5 Qc2+ 32. Re2 Qg6 33. Qxf4 gxf3
34. gxf3 Rd8 35. Re5 Rd6 36. Rxh5+ Qxh5 37. Qxd6 Qf5 38. Qe5 Qc2+ 39. Qe2 Qf5
40. Ke3 Qg5+ 41. Kd3 Qf5+ 42. Kd2 Kh8 43. a4 Qf4+ 44. Kc2 Qf5+ 45. Kb3 Kg8 46.
Qe3 Qc8 47. a5 Qc4+ 48. Ka3 Qb5 49. Qe6+ Kh7 50. Qb6 Qf1 51. Qxb7 Qa1+ 52. Kb3
Qxa5 53. Qc6 Qd8 54. Qxa6 Qb8+ 55. Ka2 Qxh2 56. Qd3+ g6 57. c4 Qc7 58. c5 Qa5+
59. Kb3 Kg7 60. Kc2 Qa4+ 61. Qb3 Qd7 62. Kc3 g5 63. Qb8 Qf7 64. Qg3 Kh6 65. c6
Qe6 66. Qh2+ Kg6 67. Qc2+ Kf6 68. c7 Qe3+ 69. Kb4 Qxd4+ 70. Kb5 1-0

[Event "4NCL Division 1d"]
[Site "Telford, ENG"]
[Date "2019.05.05"]
[Round "10.83"]
[White "Pein, Malcolm"]
[Black "Rees, Ioan"]
[Result "1-0"]
[WhiteElo "2313"]
[BlackElo "2290"]
[PlyCount "109"]
[EventDate "2019.05.05"]
[WhiteTeam "Wood Green Monarchs"]
[BlackTeam "West is Best 1"]

1. Nf3 c5 2. c4 Nf6 3. Nc3 b6 4. d4 cxd4 5. Nxd4 Bb7 6. f3 e6 7. e4 d6 8. Be2
Be7 9. Be3 O-O 10. O-O a6 11. Qd2 Qc7 12. Rfc1 Re8 13. a4 Nbd7 14. a5 bxa5 15.
Nb3 Rab8 16. Nxa5 Ba8 17. Na4 Nc5 18. b4 Nxa4 19. Rxa4 Nd7 20. Nb3 Bb7 21. Qa2
Rbc8 22. c5 dxc5 23. bxc5 Nb8 24. Na5 Ba8 25. Kh1 h6 26. Rac4 Bg5 27. Bxg5 hxg5
28. R4c2 Qf4 29. Qa3 Rc7 30. Nc4 Rd8 31. Nd6 g4 32. Qa5 Rdd7 33. Qb6 Bb7 34.
fxg4 Rc6 35. Qb2 Rcxd6 36. cxd6 Qxd6 37. h3 Nc6 38. Qb6 Nd4 39. Qxd6 Rxd6 40.
Rd2 Bxe4 41. Bxa6 Rxa6 42. Rxd4 Bd5 43. Rd2 Ra7 44. Kh2 Kh7 45. Rc3 Kg6 46. Kg3
Rb7 47. h4 Ra7 48. Rb2 Ra4 49. Rf2 f5 50. gxf5+ exf5 51. Kh3 Kh6 52. Rxf5 Be6
53. Rc6 Re4 54. Kg3 g6 55. Rf6 1-0

[Event "4NCL Division 1d"]
[Site "Telford, ENG"]
[Date "2019.05.05"]
[Round "10.84"]
[White "Jones, Steven A"]
[Black "Willow, Jonah B"]
[Result "0-1"]
[WhiteElo "2152"]
[BlackElo "2302"]
[PlyCount "42"]
[EventDate "2019.05.05"]
[WhiteTeam "West is Best 1"]
[BlackTeam "Wood Green Monarchs"]

1. e4 c5 2. Nf3 e6 3. d4 cxd4 4. Nxd4 Nc6 5. Nc3 Qc7 6. Be3 Nf6 7. f4 Bb4 8.
Ndb5 Qa5 9. Bd2 a6 10. e5 axb5 11. exf6 Bxc3 12. bxc3 gxf6 13. Qg4 Ke7 14. Qg7
Qd8 15. g3 d6 16. Bxb5 Bd7 17. Bd3 h5 18. Rb1 Na5 19. Bg6 Qe8 20. Bd3 Qc8 21.
Kd1 Qc6 0-1

[Event "4NCL Division 1d"]
[Site "Telford, ENG"]
[Date "2019.05.05"]
[Round "10.85"]
[White "Sygnowski, Tomasz"]
[Black "Redmond, John P"]
[Result "1/2-1/2"]
[WhiteElo "2237"]
[BlackElo "2192"]
[PlyCount "102"]
[EventDate "2019.05.05"]
[WhiteTeam "Wood Green Monarchs"]
[BlackTeam "West is Best 1"]

1. e4 e6 2. d4 d5 3. exd5 exd5 4. Bd3 c5 5. Nf3 c4 6. Be2 Nc6 7. O-O Bd6 8. b3
cxb3 9. axb3 Nge7 10. c4 O-O 11. Nc3 Bg4 12. h3 Bh5 13. Nb5 Bb8 14. Bb2 a6 15.
Re1 Bf4 16. Nc3 Rc8 17. c5 Bb8 18. Qd2 Qc7 19. g3 Rcd8 20. Ra4 Rfe8 21. b4 Nf5
22. g4 Nfxd4 23. Kf1 Nxe2 24. Rxe2 Bg6 25. Rxe8+ Rxe8 26. Nxd5 Qd8 27. Ra3 h6
28. Rb3 Be4 29. Re3 Re6 30. Nc3 Qxd2 31. Nxd2 Bg6 32. Rxe6 fxe6 33. Na2 Bd3+
34. Kg2 Bf4 35. Bc3 Ne5 36. Nc1 Bb5 37. Ncb3 Bc6+ 38. f3 Bd5 39. Nd4 Nc4 40.
Nxc4 Bxc4 41. c6 bxc6 42. Nxc6 Bd5 43. Ne7+ Kf7 44. Nxd5 exd5 45. Kf2 g6 46.
Ke2 Ke6 47. Kd3 h5 48. Bg7 Bd6 49. Bc3 Bf4 50. Be1 Ke5 51. Bc3+ Ke6 1/2-1/2

[Event "4NCL Division 1d"]
[Site "Telford, ENG"]
[Date "2019.05.05"]
[Round "10.86"]
[White "Mihalik, Agoston"]
[Black "De Verdier, Michael"]
[Result "1/2-1/2"]
[WhiteElo "2203"]
[BlackElo "2306"]
[PlyCount "58"]
[EventDate "2019.05.05"]
[WhiteTeam "West is Best 1"]
[BlackTeam "Wood Green Monarchs"]

1. e4 e6 2. d4 d5 3. Nd2 c5 4. exd5 exd5 5. Ngf3 Nc6 6. Bb5 Qe7+ 7. Be2 Qc7 8.
O-O Nf6 9. Re1 cxd4 10. Nb3 Bb4 11. Bd2 Bxd2 12. Qxd2 O-O 13. Bd3 Bd7 14. Nbxd4
Rfe8 15. c3 Bg4 16. Rxe8+ Rxe8 17. Re1 Rxe1+ 18. Qxe1 Bxf3 19. Nxf3 Qf4 20. Bc2
g6 21. Qd1 Ne5 22. Nxe5 Qxe5 23. Bb3 Kf8 24. f3 b6 25. Qd2 Ke7 26. g3 Kd6 27.
Kf2 Nd7 28. Qh6 Qf5 29. Qd2 Qe5 1/2-1/2

[Event "4NCL Division 1d"]
[Site "Telford, ENG"]
[Date "2019.05.05"]
[Round "10.87"]
[White "Srebrnic, Ana"]
[Black "Kett, Tim"]
[Result "1-0"]
[WhiteElo "2173"]
[BlackElo "2197"]
[PlyCount "117"]
[EventDate "2019.05.05"]
[WhiteTeam "Wood Green Monarchs"]
[BlackTeam "West is Best 1"]

1. Nf3 c5 2. c4 g6 3. d4 cxd4 4. Qxd4 Nf6 5. Bg5 Bg7 6. Nc3 O-O 7. Qd2 Nc6 8.
Rc1 d6 9. g3 Be6 10. b3 a6 11. Bg2 Rc8 12. O-O Qa5 13. Bh6 b5 14. Bxg7 Kxg7 15.
cxb5 axb5 16. Ng5 Bd7 17. Rfd1 h6 18. Nge4 b4 19. Nb1 Nxe4 20. Bxe4 Qe5 21. Bg2
Rc7 22. Rc4 Rfc8 23. Rdc1 e6 24. f4 Qa5 25. Qxd6 Qxa2 26. Nd2 Be8 27. Nf1 Qa7+
28. e3 Rd7 29. Qc5 Qxc5 30. Rxc5 Rdc7 31. Nd2 Kf8 32. Nf3 Ke7 33. Nd4 Nxd4 34.
Rxc7+ Rxc7 35. Rxc7+ Kd6 36. Rb7 Nxb3 37. Rxb4 Nc5 38. Rd4+ Ke7 39. Kf2 Nd7 40.
Bc6 Nf6 41. Bxe8 Kxe8 42. h3 Ke7 43. Ra4 e5 44. Ra7+ Ke6 45. Ra6+ Ke7 46. Kf3
e4+ 47. Kf2 h5 48. Ra5 Nd7 49. Ke2 f5 50. Kd2 Ke6 51. Kc3 Nb8 52. Kc4 Nd7 53.
Ra6+ Kf7 54. Kd5 Nf6+ 55. Ke5 Nd7+ 56. Kd6 Nf8 57. Kd5 Ke7 58. Ra7+ Kf6 59. h4
1-0

[Event "4NCL Division 1d"]
[Site "Telford, ENG"]
[Date "2019.05.05"]
[Round "10.88"]
[White "Zeidler, Sven P"]
[Black "Serbanescu, Diana-Maria"]
[Result "1-0"]
[WhiteElo "2168"]
[BlackElo "2004"]
[PlyCount "67"]
[EventDate "2019.05.05"]
[WhiteTeam "West is Best 1"]
[BlackTeam "Wood Green Monarchs"]

1. e4 e5 2. Nf3 Nc6 3. c3 Nf6 4. d4 d6 5. d5 Ne7 6. Bd3 g6 7. Nh4 Bg7 8. O-O
O-O 9. c4 c6 10. Nc3 Ng4 11. g3 Nh6 12. Ng2 Qd7 13. f3 f5 14. c5 cxd5 15. Bb5
Qd8 16. exd5 Nf7 17. Be3 g5 18. f4 exf4 19. gxf4 g4 20. Re1 Ng6 21. Qc2 h5 22.
Ne2 h4 23. Bd4 Bxd4+ 24. Nxd4 Qf6 25. Ne6 h3 26. Nxf8 Kxf8 27. Re8+ Kg7 28. Ne3
Nxf4 29. Rf1 Nxd5 30. Nxd5 Qd4+ 31. Ne3 f4 32. Qc3 Qxc3 33. bxc3 fxe3 34. Re7
1-0

[Event "4NCL Division 1d"]
[Site "Telford, ENG"]
[Date "2019.05.06"]
[Round "11.51"]
[White "Greet, Andrew N"]
[Black "Gordon, Stephen J"]
[Result "0-1"]
[WhiteElo "2420"]
[BlackElo "2533"]
[PlyCount "86"]
[EventDate "2019.05.06"]
[WhiteTeam "Alba"]
[BlackTeam "3Cs 1"]

1. Nf3 d5 2. e3 Nf6 3. c4 e6 4. b3 c5 5. Bb2 Nc6 6. cxd5 exd5 7. Nc3 d4 8. Na4
Be7 9. Bb5 Bd7 10. Rc1 Nb4 11. Bxd7+ Qxd7 12. O-O Nd3 13. Rc2 b5 14. Qe2 Nb4
15. Ne5 d3 16. Qf3 Qd5 17. Rxc5 Qxf3 18. gxf3 bxa4 19. Rb5 axb3 20. axb3 Nd7
21. Rc1 Nxe5 22. Rxe5 f6 23. Re4 Kd7 24. Ba3 a5 25. Rcc4 Rhb8 26. Rcd4+ Ke8 27.
Bxb4 Rxb4 28. Rxd3 Rd8 29. Rxd8+ Kxd8 30. Rxb4 Bxb4 31. d4 Kd7 32. Kf1 Kc6 33.
Ke2 Kb5 34. f4 f5 35. f3 Bd6 36. Kd3 Kb4 37. Kc2 Bc7 38. h3 g6 39. Kb2 Bd8 40.
e4 Bb6 41. d5 Be3 42. d6 Bxf4 43. d7 Bc7 0-1

[Event "4NCL Division 1d"]
[Site "Telford, ENG"]
[Date "2019.05.06"]
[Round "11.52"]
[White "Libiszewski, Fabien"]
[Black "Sreeves, Clement"]
[Result "1/2-1/2"]
[WhiteElo "2488"]
[BlackElo "2360"]
[PlyCount "105"]
[EventDate "2019.05.06"]
[WhiteTeam "3Cs 1"]
[BlackTeam "Alba"]

1. e4 e5 2. Nf3 Nc6 3. Bb5 a6 4. Ba4 Nf6 5. O-O Be7 6. Bxc6 dxc6 7. d3 Nd7 8.
Nbd2 O-O 9. Nc4 f6 10. Nh4 g6 11. Bh6 Rf7 12. d4 exd4 13. Qxd4 Nb6 14. Qc3 Nxc4
15. Qxc4 Qe8 16. Rae1 Bf8 17. Bxf8 Be6 18. Qc3 Qxf8 19. f4 Qh6 20. f5 Qxh4 21.
fxe6 Rff8 22. Qb3 Rae8 23. e7+ Rf7 24. Qxb7 Rfxe7 25. Qxc6 Re6 26. Qxc7 Rxe4
27. Rxe4 Qxe4 28. Qf4 Qxc2 29. Qxf6 Qe2 30. h4 Qe6 31. b3 a5 32. Qxe6+ Rxe6 33.
Rf4 h5 34. Kf2 Kg7 35. Kf3 Re5 36. Re4 Rc5 37. Rc4 Re5 38. a4 g5 39. Rc7+ Kf6
40. Rc6+ Kf5 41. hxg5 Kxg5 42. Rb6 Rf5+ 43. Kg3 h4+ 44. Kh3 Rf1 45. g3 hxg3 46.
Kxg3 Kf5 47. Kg2 Rf4 48. Rb5+ Ke6 49. Kg3 Rf5 50. Rb6+ Ke5 51. Kg4 Ke4 52. b4
Rd5 53. bxa5 1/2-1/2

[Event "4NCL Division 1d"]
[Site "Telford, ENG"]
[Date "2019.05.06"]
[Round "11.53"]
[White "Gourlay, Iain"]
[Black "Longson, Alexander"]
[Result "1-0"]
[WhiteElo "2349"]
[BlackElo "2318"]
[PlyCount "71"]
[EventDate "2019.05.06"]
[WhiteTeam "Alba"]
[BlackTeam "3Cs 1"]

1. c4 e6 2. g3 d5 3. Nf3 Nf6 4. Bg2 dxc4 5. Qa4+ Bd7 6. Qxc4 c5 7. Ne5 Qc8 8.
Qd3 Nc6 9. Nxd7 Nxd7 10. Qb5 Nd4 11. Qa4 Be7 12. Nc3 O-O 13. O-O Rd8 14. d3 a6
15. Qd1 Nf6 16. Na4 Rb8 17. Bf4 Bd6 18. Bxd6 Rxd6 19. Rc1 b6 20. b4 Nd7 21. e3
Nf5 22. bxc5 bxc5 23. d4 c4 24. Qc2 Nb6 25. Nc5 Rd8 26. Qc3 Nd5 27. Qxc4 Nfxe3
28. fxe3 Nxe3 29. Qxa6 Nxf1 30. Qxf1 Rf8 31. Na6 Qd8 32. Nxb8 Qxd4+ 33. Qf2
Qxf2+ 34. Kxf2 Rxb8 35. a4 Kf8 36. Ra1 1-0

[Event "4NCL Division 1d"]
[Site "Telford, ENG"]
[Date "2019.05.06"]
[Round "11.54"]
[White "Ashton, Adam G"]
[Black "Morrison, Graham"]
[Result "1-0"]
[WhiteElo "2316"]
[BlackElo "2279"]
[PlyCount "103"]
[EventDate "2019.05.06"]
[WhiteTeam "3Cs 1"]
[BlackTeam "Alba"]

1. e4 c5 2. Nf3 e6 3. d4 cxd4 4. Nxd4 Nc6 5. Nc3 d6 6. Be3 Nf6 7. Qe2 Be7 8.
O-O-O O-O 9. g4 a6 10. g5 Nxd4 11. Bxd4 Nd7 12. h4 b5 13. a3 Bb7 14. Kb1 Re8
15. Bh3 Bf8 16. h5 Rc8 17. g6 fxg6 18. hxg6 h6 19. f4 Rc4 20. Rhe1 e5 21. Bxd7
Qxd7 22. Bxe5 Qe6 23. Bd4 Qxg6 24. f5 Qf7 25. Qd3 Be7 26. Rg1 Bg5 27. Rg4 Rec8
28. Rdg1 Kf8 29. Rxg5 hxg5 30. Rxg5 Rxd4 31. Qxd4 Qf6 32. Qd2 Rxc3 33. Rg6 Qe5
34. bxc3 Bxe4 35. Qxd6+ Qxd6 36. Rxd6 Bxf5 37. Rxa6 Ke7 38. Kc1 g5 39. Rb6 Bd7
40. Kd2 g4 41. Ke3 Kd8 42. Kd4 Kc7 43. Rg6 Bf5 44. Rg5 Bxc2 45. Rxb5 Bd1 46.
Rg5 Kc6 47. c4 Bf3 48. Rg6+ Kc7 49. a4 Kb7 50. Kc5 Be2 51. Kb5 Kc7 52. a5 1-0

[Event "4NCL Division 1d"]
[Site "Telford, ENG"]
[Date "2019.05.06"]
[Round "11.55"]
[White "McKay, Roderick M"]
[Black "Horton, Jamie A"]
[Result "1/2-1/2"]
[WhiteElo "2282"]
[BlackElo "2186"]
[PlyCount "33"]
[EventDate "2019.05.06"]
[WhiteTeam "Alba"]
[BlackTeam "3Cs 1"]

1. d4 Nf6 2. Nf3 e6 3. a3 d5 4. e3 Be7 5. c4 O-O 6. Nc3 Nbd7 7. Bd3 dxc4 8.
Bxc4 c5 9. O-O a6 10. Qe2 b5 11. Ba2 Bb7 12. Rd1 Qc7 13. dxc5 Nxc5 14. Nd4 Rac8
15. Bd2 Qb6 16. Be1 Rfd8 17. b4 1/2-1/2

[Event "4NCL Division 1d"]
[Site "Telford, ENG"]
[Date "2019.05.06"]
[Round "11.56"]
[White "Longson, Sarah N"]
[Black "Berry, Neil"]
[Result "1-0"]
[WhiteElo "2123"]
[BlackElo "2261"]
[PlyCount "89"]
[EventDate "2019.05.06"]
[WhiteTeam "3Cs 1"]
[BlackTeam "Alba"]

1. e4 e5 2. Nf3 Nc6 3. Bc4 Nf6 4. d3 Be7 5. O-O O-O 6. Re1 d6 7. a4 Na5 8. Ba2
c5 9. h3 Nc6 10. Nc3 Be6 11. Bxe6 fxe6 12. Bd2 Qd7 13. a5 Nd4 14. Nxd4 cxd4 15.
Ne2 Qb5 16. Qb1 Bd8 17. c3 dxc3 18. bxc3 Qd7 19. c4 b6 20. a6 Qf7 21. f4 Nd7
22. Rf1 Bf6 23. fxe5 Nxe5 24. Bb4 Qd7 25. Bc3 Rac8 26. Qb3 Qe7 27. Rad1 Nd7 28.
d4 Nb8 29. e5 Bg5 30. Bb4 Rxf1+ 31. Rxf1 Nxa6 32. Bxd6 Qd7 33. Qf3 h6 34. Ng3
Nb8 35. Ne4 Nc6 36. Qg4 Re8 37. h4 Be3+ 38. Kh1 Kh7 39. d5 Nd4 40. Ng3 Nf5 41.
Qe4 Kg8 42. Nxf5 exf5 43. Qxe3 Qxd6 44. exd6 Rxe3 45. d7 1-0

[Event "4NCL Division 1d"]
[Site "Telford, ENG"]
[Date "2019.05.06"]
[Round "11.57"]
[White "MacQueen, Calum"]
[Black "Reeve, Andy K"]
[Result "0-1"]
[WhiteElo "2237"]
[BlackElo "2078"]
[PlyCount "50"]
[EventDate "2019.05.06"]
[WhiteTeam "Alba"]
[BlackTeam "3Cs 1"]

1. d4 d6 2. e4 Nf6 3. Nc3 c6 4. f4 Qa5 5. e5 Ne4 6. Qf3 d5 7. Bd3 Na6 8. Nge2
Nb4 9. O-O Nxd3 10. cxd3 Nxc3 11. bxc3 g6 12. Be3 h5 13. h3 h4 14. Bf2 Bf5 15.
Kh1 e6 16. a4 Be7 17. Rfc1 O-O-O 18. c4 g5 19. cxd5 Qxd5 20. Qe3 Rdg8 21. Nc3
Qxg2+ 22. Kxg2 gxf4+ 23. Kf3 fxe3 24. Bxe3 Rg3+ 25. Kf2 Rhg8 0-1